01111nam a2200217 i 450000100060000000300090000600500170001500800390003204000290007108000120010010001520011224501440026426000480040830000320045650000210048852002990050965000340080865000220084294200120086499900170087610552KOSZ 00520180430123838.0180430s2007 pl a f |000 0 pol cKOSZ 005/HRaKOSZ 005/HR a005.3341 aWAŚCIŃSKI, Tadeusz.d1997 - 2006.bPolitechnika Koszalińska - Wydział Ekonomii i Zarządzania,cKatedra Mikroekonomii i Ekonomii Stosowanej10aZarządzanie wolnymi środkami pieniężnymi w polskich przedsiębiorstwach :bstudium empiryczne /cred. nauk. Tadeusz Waściński. aWarszawa :b[Dom Wydawniczy Elipsa],c2007. a163 s. :brys., tab., wykr. aDane z autopsji. aW pracy zaproponowano model zarządzania wolnymi środkami pieniężnymi w zależności od awersji do ryzyka przedsiębiorcy, oczekiwanego dochodu oraz pożądanego poziomu płynności inwestycji, dającego optymalne rozwiązania w zakresie bieżących potrzeb przedsiębiorstwa. 0aPrzedsiębiorstwo - finanse. aRyzyko finansowe. cKS2UKD c10552d10552